|
|
|
|
| LEADER |
00957nab a2200217 i 4500 |
| 001 |
acta45267 |
| 005 |
20231108135159.0 |
| 008 |
170403s2015 hu o 0|| hun d |
| 020 |
|
|
|a 978 963 306 421 4
|
| 022 |
|
|
|a 0324-6523
|
| 040 |
|
|
|a SZTE Egyetemi Kiadványok Repozitórium
|b hun
|
| 041 |
|
|
|a hun
|
| 100 |
1 |
|
|a Tóth Zoltán
|
| 245 |
1 |
0 |
|a Három választás 2014-ben
|h [elektronikus dokumentum] /
|c Tóth Zoltán
|
| 260 |
|
|
|a Szegedi Tudományegyetem Állam- és Jogtudományi Karának tudományos bizottsága
|b Szeged
|c 2015
|
| 300 |
|
|
|a 110-120
|
| 490 |
0 |
|
|a Acta Universitatis Szegediensis : acta juridica et politica
|v 78
|
| 650 |
|
4 |
|a Társadalomtudományok
|
| 650 |
|
4 |
|a Politikatudomány
|
| 695 |
|
|
|a Országgyűlési választás - Magyarország - 2014, Európai parlamenti választás - Magyarország - 2014, Önkormányzati választás - Magyarország - 2014
|
| 856 |
4 |
0 |
|u http://acta.bibl.u-szeged.hu/45267/1/juridpol_078_110-120.pdf
|z Dokumentum-elérés
|